Central Library OPAC University of Rajshahi

Women in higher education / (Record no. 43213)

MARC details
000 -LEADER
fixed length control field 00655nam a2200229 a 4500
001 - CONTROL NUMBER
control field 43213
003 - CONTROL NUMBER IDENTIFIER
rucl marc code BD-RjUL
005 - DATE AND TIME OF LATEST TRANSACTION
control field 20211209053649.0
008 - FIXED-LENGTH DATA ELEMENTS--GENERAL INFORMATION
fixed length control field 160620s1995 ii 001 0 eng d
020 ## - INTERNATIONAL STANDARD BOOK NUMBER
International Standard Book Number 8171693458
035 ## - SYSTEM CONTROL NUMBER
System control number (BD-RjUL)43331
040 ## - CATALOGING SOURCE
Original cataloging agency BD-RjUL
Language of cataloging eng
Transcribing agency BD-RjUL
Modifying agency BD-RjUL
041 ## - LANGUAGE CODE
Language code of text/sound track or separate title eng
082 ## - DEWEY DECIMAL CLASSIFICATION NUMBER
Classification number 372.241
Edition number 20
Author mark and year WOM 1995
245 00 - TITLE STATEMENT
Title Women in higher education /
Statement of responsibility, etc. edited by Usha sharma, B.M. sharma
260 ## - PUBLICATION, DISTRIBUTION, ETC. (IMPRINT)
Place of publication, distribution, etc. Delhi :
-- Commonweath publications,
Date of publication, distribution, etc. 1995
300 ## - PHYSICAL DESCRIPTION
Pagination x, 376 p ;
Size 21 cm.
650 #0 - SUBJECT ADDED ENTRY--TOPICAL TERM
Topical term or geographic name as entry element Women Education
Geographic subdivision India
9 (RLIN) 132722
700 1# - ADDED ENTRY--PERSONAL NAME
Personal name Sharma, Usha
Personal name Sharma, B.M.
942 ## - ADDED ENTRY ELEMENTS (KOHA)
Source of classification or shelving scheme Dewey Decimal Classification
Koha item type Books
Holdings
Lost status Source of classification or shelving scheme Damaged status Not for loan Collection code Permanent Location Current Location Shelving location Date acquired Source of acquisition Cost, normal purchase price Total Checkouts Full call number Date last seen Copy number Koha item type
  Dewey Decimal Classification     Non-fiction Central Library, University of Rajshahi Central Library, University of Rajshahi   09/11/2002 Paragon Interprize, Dhaka 600.00   372.241 WOM 1995 20/06/2016 C-2 Books
  Dewey Decimal Classification     Non-fiction Central Library, University of Rajshahi Central Library, University of Rajshahi   09/11/2002 Paragon Interprize, Dhaka 600.00   372.241 WOM 1995 20/06/2016 C-3 Books
  Dewey Decimal Classification     Non-fiction Central Library, University of Rajshahi Central Library, University of Rajshahi   09/11/2002 Paragon Interprize, Dhaka 600.00   372.241 WOM 1995 20/06/2016 C-4 Books
  Dewey Decimal Classification   Not For Loan Non-fiction Central Library, University of Rajshahi Central Library, University of Rajshahi Reading Room 09/11/2002 Paragon, Dhaka, 600.00   372.241 WOM 1995 02/01/2017 C-1 Books